| 000 | 00935nam a22002297a 4500 | ||
|---|---|---|---|
| 999 |
_c265 _d265 |
||
| 003 | AR-CdUCM | ||
| 008 | 190222b ||||| |||| 00| 0 spa d | ||
| 040 |
_aMUNICIPALIDAD PROVINCIAL DEL CUSCO _cBIBLIOTECA MUNICIPAL DEL CUSCO |
||
| 082 |
_a309.18 / _bA31 |
||
| 100 |
_aAguirre Beltrán, Gonzalo _91128 |
||
| 245 |
_aRegiones de refugio : _bel desarrollo de la comunidad y el proceso dominical en mestizo América / _cAguirre Beltrán, Gonzalo |
||
| 260 |
_aMéxico, D.F : _bInstituto Indigenista Interamericano, _c1967. |
||
| 300 |
_a366 páginas ; _c23 cm. |
||
| 505 | _aProceso dominical -- Ecología enemiga -- Problemas de población -- Circulación humana -- Recursos y la tecnología.... | ||
| 650 |
_aSociologia rural. _91129 |
||
| 650 |
_aAmérica Latina. _91130 |
||
| 650 |
_aDesarrollo social. _91131 |
||
| 650 |
_aMéxico. _918 |
||
| 650 |
_aCondiciones sociales. _91132 |
||
| 942 |
_2ddc _cLIBROS |
||
| 945 |
_admma _d2019-02-22 |
||